[Event "Foment Martinenc op"]
[Site "Barcelona"]
[Date "1996.??.??"]
[Round "6"]
[White "Vidarte Morales, Arturo"]
[Black "Braeuning, Rudolf Wilhelm"]
[Result "1-0"]
[WhiteElo "2340"]
[BlackElo "2265"]

1.c4 Nf6 2.Nc3 c5 3.Nf3 e6 4.g3 d5 5.cxd5 Nxd5 6.Bg2 Nc6 7.Nxd5 Qxd5 8.O-O Be7
9.d4 Nxd4 10.Nxd4 Qxd4 11.Qc2 Bd7 12.Rd1 Qa4 13.b3 Qa6 14.Bb2 f6 15.Be4 O-O-O
16.a4 Bc6 17.Bd3 Qb6 18.a5 Qc7 19.a6 b6 20.Bc4 Bd5 21.Bxd5 Rxd5 22.Rxd5 exd5
23.Rd1 Qd7 24.e4 Rd8 25.exd5 Qg4 26.Qd3 h5 27.Kg2 h4 28.h3 Qb4 29.g4 Bd6
30.Qc4 Qxc4 31.bxc4 Re8 32.Kf3 Kc7 33.Bc3 Rb8 34.Rb1 Re8 35.Rb2 Re7 36.Re2 Rxe2
37.Kxe2 Bf4 38.Kf3 Bg5 39.Ke4 g6 40.f4 Bh6 41.Bxf6 Bf8 42.Be5+ Kc8 43.f5 gxf5+
44.Kxf5 b5 45.cxb5 c4 46.g5 c3 47.Bxc3  1-0

[Event "Regionalliga SO9596"]
[Site "Bayern"]
[Date "1996.??.??"]
[Round "?"]
[White "Schwab, Andreas"]
[Black "Wirth, Wolfgang"]
[Result "1/2-1/2"]
[WhiteElo "2010"]
[BlackElo "1955"]

1.c4 Nf6 2.Nc3 e6 3.Nf3 c5 4.e4 d5 5.e5 d4 6.exf6 dxc3 7.dxc3 Qxd1+ 8.Kxd1 gxf6
9.Bd3 Bd7 10.Re1 Bc6 11.Be4 Bxe4 12.Rxe4 Nc6 13.Kc2 O-O-O 14.Re2 Bd6 15.g3 Rhg8
16.Bd2 Kc7 17.a3 Rd7 18.Rae1 Ne7 19.Re4 Ng6 20.b4 b6 21.R4e2 Ne7 22.Be3 Nf5
23.Nd2 Nxe3+ 24.Rxe3 f5 25.f4 h5 26.Nf3 Rgd8 27.Rd1 Kc6 28.Red3 Kc7 29.R1d2 Be7
30.Rxd7+ Rxd7 31.Rxd7+ Kxd7 32.Ne5+ Ke8 33.b5 Bd6 34.Nc6 f6 35.Kd3 e5 36.Ke3 Kd7
37.Nxa7 Bb8 38.Nc6 Bc7 39.a4 Ke6 40.h4 Kd6 41.Na7 Kd7 42.Nc6  1/2-1/2

[Event "Oberliga Bayern9596"]
[Site "Bayern"]
[Date "1996.??.??"]
[Round "?"]
[White "Schmidt, Wlodzimierz"]
[Black "Ploetz, Werner"]
[Result "1-0"]
[WhiteElo "2450"]
[BlackElo "2260"]

1.Nf3 Nf6 2.c4 e6 3.Nc3 c5 4.g3 Nc6 5.Bg2 d5 6.cxd5 exd5 7.d4 Be7 8.O-O O-O
9.Bg5 Be6 10.dxc5 Bxc5 11.Rc1 Be7 12.Nd4 h6 13.Be3 Re8 14.Nxc6 bxc6 15.Na4 Qa5
16.Bc5 Bf5 17.Bxe7 Rxe7 18.Rxc6 Bd7 19.Rxf6 gxf6 20.Nc3 Be6 21.Qd4 Rb8 22.Rd1 Rd7
23.Nxd5 Rb4 24.Qd3 Bxd5 25.Bxd5 Rb5 26.Qg6+ Kf8 27.Qxh6+ Ke7 28.e4 Rxb2 29.Qg7 Rxd5
30.exd5 Rd2 31.Re1+ Kd7 32.Qxf7+ Kd6 33.Qe6+ Kc5 34.Rc1+ Kb4 35.Qd6+ Ka4
36.Qc6+  1-0

[Event "Oberliga Bayern9596"]
[Site "Bayern"]
[Date "1996.??.??"]
[Round "?"]
[White "Arbakov, Valentin"]
[Black "Mandl, Robert"]
[Result "1-0"]
[WhiteElo "2455"]
[BlackElo "2425"]

1.c4 c5 2.Nf3 Nf6 3.Nc3 g6 4.d4 cxd4 5.Nxd4 Nc6 6.e4 d6 7.Be2 Nxd4 8.Qxd4 Bg7
9.Be3 O-O 10.Qd2 Qa5 11.f3 Be6 12.Rc1 Rfc8 13.b3 a6 14.Na4 Qxd2+ 15.Kxd2 Nd7
16.g4 Rab8 17.h4 b6 18.Nc3 Nc5 19.h5 a5 20.Rc2 Kf8 21.Rb1 Ke8 22.Rbc1 Be5
23.g5 f5 24.gxf6 Bxf6 25.Nd5 gxh5 26.Nxf6+ exf6 27.Rh1 Bf7 28.Ke1 Ke7 29.Rd2 Nd7
30.Kf2 Bg6 31.Rd4 Rc6 32.f4 Rf8 33.Bf3 Nc5 34.f5 Bf7 35.Rd2 Rc7 36.Bf4 Rd7
37.Ke3 Rb8 38.Bxh5 Bxh5 39.Rxh5 Rh8 40.Kf3 Nb7 41.Be3 Nc5 42.Rh6 Rf8 43.Rxh7+ Rf7
44.Rxf7+ Kxf7 45.Bf4 Ke7 46.Rh2 Kd8 47.Rh6 a4 48.bxa4 Ra7 49.Rxf6 Rxa4 50.Rxd6+ Ke8
51.Rxb6 Rxc4 52.Be3  1-0

[Event "Oberliga Bayern9697"]
[Site "Bayern"]
[Date "1996.??.??"]
[Round "?"]
[White "Gasthofer, Viktor"]
[Black "Reich, Thomas"]
[Result "1/2-1/2"]
[WhiteElo "2380"]
[BlackElo "2365"]

1.c4 Nf6 2.Nc3 c5 3.Nf3 g6 4.d4 cxd4 5.Nxd4 Bg7 6.e4 d6 7.Be2 Nc6 8.Be3 O-O
9.f3 Nxd4 10.Bxd4 Be6 11.Rc1 Qa5 12.Qd2 Rfc8 13.b3 a6 14.Be3 b5 15.Nd5 Qxd2+
16.Kxd2 Nxd5 17.cxd5 Bd7 18.Rxc8+ Rxc8 19.Rc1 Rxc1 20.Kxc1 Kf8 21.Kc2 e6
22.g4 Bf6 23.f4 exd5 24.exd5 Ke7 25.b4 Bc8 26.Kd3 Bb2 27.Kc2 Bf6 28.Kd3 Bb2  1/2-1/2

[Event "Benasque op"]
[Site "Benasque"]
[Date "1996.??.??"]
[Round "5"]
[White "Georgiev, Vladimir"]
[Black "Marin, Mihail"]
[Result "1/2-1/2"]
[WhiteElo "2465"]
[BlackElo "2530"]

1.Nf3 c5 2.c4 Nf6 3.Nc3 e6 4.e3 g6 5.d4 Bg7 6.Be2 O-O 7.O-O d6 8.b3 b6 9.Bb2 Bb7
10.Qc2 Nc6 11.Rad1 Qe7 12.a3 Rac8 13.d5 exd5 14.Nxd5 Nxd5 15.Bxg7 Kxg7 16.Rxd5 Ne5
17.Rd2 Nxf3+ 18.Bxf3 Bxf3 19.gxf3 Qf6 20.f4 Rcd8 21.Rd5 Rfe8 22.Rfd1 Re6
23.a4 Qh4 24.Rg5 Re5 25.Qb2 Kg8 26.Qxe5 dxe5 27.Rxd8+ Kg7 28.Rd5 exf4 29.exf4 Qxf4
30.Rg3 a5 31.h3 Qf6 32.Rgd3 h5 33.Rd6 Qe5 34.Rd7 Qf5 35.R7d5 Qf4 36.Re3 g5
37.Kg2 f6 38.Re6 Kg6 39.Rd3 Kf7 40.Ree3 Kg6 41.Re6 Kf7 42.Ree3 f5  1/2-1/2

[Event "Benasque op"]
[Site "Benasque"]
[Date "1996.??.??"]
[Round "6"]
[White "Nogueiras, Jesus"]
[Black "Rojo Huerta, Gabriel"]
[Result "1-0"]
[WhiteElo "2535"]
[BlackElo "2355"]

1.c4 Nf6 2.Nc3 c5 3.Nf3 e6 4.e3 Nc6 5.d4 d5 6.a3 Ne4 7.Qc2 Nxc3 8.bxc3 Be7
9.Bd3 dxc4 10.Bxc4 O-O 11.O-O b6 12.Bd3 g6 13.Bb2 Bf6 14.Rfd1 cxd4 15.cxd4 Bb7
16.Qe2 Qe7 17.e4 Rfd8 18.Bc4 Na5 19.Ba2 Rac8 20.h4 Rc7 21.Rac1 Rdc8 22.Rxc7 Qxc7
23.Rc1 Qd8 24.Rxc8 Qxc8 25.d5 Bxb2 26.Qxb2 exd5 27.exd5 Nc4 28.Qd4 Nd6 29.Qf4 Qc5
30.Ne5 Bc8 31.h5 gxh5 32.Nc6 Nf5 33.Bb1 Ng7 34.Qb8  1-0

[Event "Berliner Sommer"]
[Site "Berlin"]
[Date "1996.??.??"]
[Round "4"]
[White "Fridman, Daniel"]
[Black "Shipov, Sergei"]
[Result "0-1"]
[WhiteElo "2500"]
[BlackElo "2535"]

1.c4 Nf6 2.Nf3 c5 3.Nc3 e6 4.g3 b6 5.Bg2 Bb7 6.O-O Be7 7.Re1 d6 8.e4 a6 9.d4 cxd4
10.Nxd4 Qc7 11.Be3 Nbd7 12.f4 Rc8 13.Rc1 Qb8 14.b3 O-O 15.Qe2 Qa8 16.Bf2 Rfe8
17.Bf3 h6 18.a4 Bf8 19.e5 dxe5 20.fxe5 Nh7 21.Bxb7 Qxb7 22.Nf3 f5 23.exf6 Nhxf6
24.Ne5 Nxe5 25.Qxe5 Bb4 26.Qe2 Rcd8 27.Red1 Rxd1+ 28.Qxd1 Rf8 29.Qe2 Qc6
30.Be3 Nd7 31.Bf2 Nc5 32.Na2 Nxb3 33.Rb1 Rxf2  0-1

[Event "Berliner Sommer"]
[Site "Berlin"]
[Date "1996.??.??"]
[Round "4"]
[White "Zemerov, Vladimir"]
[Black "Wahls, Matthias"]
[Result "1/2-1/2"]
[WhiteElo "2400"]
[BlackElo "2540"]

1.Nf3 Nf6 2.c4 c5 3.Nc3 e6 4.g3 b6 5.Bg2 Bb7 6.O-O d6 7.Re1 a6 8.e4 Qc7 9.b3 Be7
10.Bb2 O-O 11.d4 cxd4 12.Nxd4 Re8 13.Rc1 Bf8 14.g4 g6 15.g5 Nh5 16.Nde2 Nd7
17.Qd2 h6 18.Ng3 Nxg3 19.hxg3 hxg5 20.Qxg5 Bg7 21.Qd2 Rad8 22.Na4 Bxb2 23.Qxb2 Nc5
24.Re3 Nxa4 25.bxa4 Bc6 26.a5 bxa5 27.Rd3 Ba8 28.Qd2 e5 29.Ra3 Rc8 30.Rxa5 Qb6
31.Bf3 Kg7 32.Ra3 Rc6 33.Kg2 Rh8 34.Rd3 Qc7 35.Rd1 Rxc4 36.Rxd6 Bxe4 37.Bxe4 Rxe4
38.Qd5 Qc2 39.Rd2 Qc1 40.Rd1 Qc2 41.Rd2 Qb1 42.Rd1 Qc2  1/2-1/2

[Event "Berliner Sommer"]
[Site "Berlin"]
[Date "1996.??.??"]
[Round "7"]
[White "Chuchelov, Vladimir"]
[Black "Makarov, Marat"]
[Result "1-0"]
[WhiteElo "2490"]
[BlackElo "2560"]

1.c4 c5 2.Nf3 Nf6 3.Nc3 e6 4.g3 b6 5.Bg2 Bb7 6.O-O Be7 7.Re1 Nc6 8.e4 d6
9.d4 cxd4 10.Nxd4 Nxd4 11.Qxd4 O-O 12.b3 Qc7 13.Ba3 Rfd8 14.Rad1 Qc6 15.Qe3 Bf8
16.Nb5 Ne8 17.Rd2 a6 18.Nc3 Nf6 19.Red1 Rab8 20.h3 Ba8 21.Bb4 Rd7 22.a4 Qc7
23.Kh2 h6 24.f4 Re8 25.Rd3 e5 26.Qd2 exf4 27.Qxf4 Re6 28.Nd5 Bxd5 29.cxd5 Re8
30.Rc1 Qb8 31.Rc6 a5 32.Bc3 Nh7 33.Bd4 Rb7 34.Rdc3 g6 35.Qc1 Bg7 36.Bxg7 Kxg7
37.Rc8 Rxc8 38.Rxc8 Qa7 39.e5 b5 40.exd6 bxa4 41.Qb2+ f6 42.Qc3 h5 43.Rc7+ Kh6
44.Qc1+ g5 45.Qc6  1-0

[Event "Zuerich/Bern m"]
[Site "Bern"]
[Date "1996.??.??"]
[Round "6"]
[White "Kortschnoj, Viktor"]
[Black "Brunner, Lucas"]
[Result "1-0"]
[WhiteElo "2645"]
[BlackElo "2510"]

1.c4 c5 2.Nf3 Nf6 3.Nc3 d5 4.cxd5 Nxd5 5.d4 Nxc3 6.bxc3 g6 7.e4 Bg7 8.Rb1 O-O
9.Be3 cxd4 10.cxd4 Qa5+ 11.Qd2 Qxd2+ 12.Kxd2 Nc6 13.Bd3 Rd8 14.d5 Na5 15.Ke2 f5
16.Rhc1 b6 17.Rc7 fxe4 18.Bxe4 Bb7 19.Rxe7 Bxd5 20.Re8+ Kf7 21.Rxd8 Rxd8
22.Ng5+ Ke7 23.Bxd5 Rxd5 24.Nxh7 Nc4 25.Bg5+ Ke6 26.Rc1 b5 27.h4 Rd4 28.g3 a5
29.Bf4 b4 30.Ng5+ Kd5 31.Be3 Nxe3 32.fxe3 Rg4 33.e4+ Kd4 34.Ne6+ Ke5 35.Kf3 Rxe4
36.Rc5+ Kxe6 37.Kxe4 a4 38.Rc6+ Kf7 39.Ra6 a3 40.Kd3 Be5 41.g4 Bg3 42.h5 gxh5
43.gxh5  1-0

[Event "Biel op MTO"]
[Site "Biel"]
[Date "1996.??.??"]
[Round "9"]
[White "Wohl, Aleksandar H"]
[Black "Gipslis, Aivars"]
[Result "1-0"]
[WhiteElo "2400"]
[BlackElo "2470"]

1.Nf3 Nf6 2.c4 c5 3.Nc3 e6 4.g3 b6 5.Bg2 Bb7 6.O-O Be7 7.d4 cxd4 8.Qxd4 Nc6
9.Qf4 O-O 10.Rd1 Qb8 11.b3 Rd8 12.Bb2 d6 13.Rd2 a6 14.Rad1 b5 15.Ng5 bxc4
16.Nce4 d5 17.Qh4 dxe4 18.Bxf6 Bxf6 19.Qxh7+ Kf8 20.Rd7 Rxd7 21.Rxd7 Ke8
22.Rxf7 Ne7 23.Rxf6 gxf6 24.Qf7+ Kd8 25.Nxe6+ Kd7 26.Nc5+ Kd6 27.b4 Qe8 28.Qxf6+ Kc7
29.Qe5+ Kb6 30.Nd7+ Kc6 31.Qc5+ Kxd7 32.Bh3+  1-0

[Event "Bled op"]
[Site "Bled"]
[Date "1996.??.??"]
[Round "5"]
[White "Dizdar, Selim"]
[Black "Gostisa, Leon"]
[Result "1/2-1/2"]
[WhiteElo "2400"]
[BlackElo "2425"]

1.c4 c5 2.Nf3 Nf6 3.Nc3 e6 4.e4 Nc6 5.Be2 a6 6.O-O Qc7 7.Re1 Be7 8.d4 cxd4
9.Nxd4 Nxd4 10.Qxd4 Bc5 11.Qd3 b6 12.Be3 Bxe3 13.Qxe3 d6 14.e5  1/2-1/2

[Event "SLO-chT"]
[Site "Bled"]
[Date "1996.??.??"]
[Round "6"]
[White "Barle, Janez"]
[Black "Krumpacnik, Domen"]
[Result "1-0"]
[WhiteElo "2445"]
[BlackElo "2385"]

1.Nf3 Nf6 2.c4 c5 3.Nc3 g6 4.e3 Bg7 5.d4 cxd4 6.exd4 d5 7.Be2 O-O 8.O-O Nc6
9.Re1 Bg4 10.c5 Ne4 11.Be3 b6 12.Qa4 Nxc3 13.bxc3 Qc7 14.h3 Bxf3 15.Bxf3 e6
16.cxb6 axb6 17.Qb5 Ra3 18.Qb2 Rfa8 19.Rec1 R3a4 20.Bd1 R4a5 21.Be2 Bf8 22.Rcb1 Qa7
23.a4 Ne7 24.Bb5 Qc7 25.Rc1 Nf5 26.Bd2 R5a7 27.c4 dxc4 28.Rxc4 Qd8 29.Bc6 Rc8
30.Rac1 Bg7 31.Be3 Nxe3 32.fxe3 Bh6 33.Qf2 Rac7 34.Qf3 Qg5 35.Kf2 Qh4+ 36.Ke2 Rd8
37.Be8 Re7 38.Bb5 Qg5 39.Rc8 Rxc8 40.Rxc8+ Kg7 41.g3 Qd5 42.Qxd5 exd5 43.Rc3 Re6
44.Bd7 Re7 45.Bc6 Rc7 46.e4 dxe4 47.d5 Rc8 48.Rb3 Bg5 49.Rxb6 Bd8 50.Rb5 Rc7
51.Rb8 Be7 52.Re8 Bd6 53.Rxe4 Re7 54.Rxe7 Bxe7 55.Kd3 Kf6 56.Kc4 Ke5 57.a5 Bg5
58.Be8 f5 59.Kc5 f4 60.gxf4+ Bxf4 61.a6 Kf6 62.Kc6 Be3 63.d6 g5 64.d7  1-0

[Event "Bonn GSK-3"]
[Site "Bonn"]
[Date "1996.??.??"]
[Round "?"]
[White "Kveinys, Aloyzas"]
[Black "Miezis, Normunds"]
[Result "1-0"]
[WhiteElo "2530"]
[BlackElo "2530"]

1.Nf3 c5 2.c4 Nf6 3.Nc3 d5 4.cxd5 Nxd5 5.g3 Nc6 6.Bg2 Nb6 7.O-O e5 8.d3 Be7
9.Be3 O-O 10.Rc1 Be6 11.Ne4 c4 12.Nc5 Bxc5 13.Bxc5 Re8 14.dxc4 Nxc4 15.Qxd8 Raxd8
16.b3 Nb6 17.Rfd1 f6 18.Nd2 Nd4 19.Kf1 Bg4 20.Bxd4 exd4 21.Nf3 d3 22.Rxd3 Rxd3
23.exd3 Nd5 24.Ne1 Nb4 25.a3 Be2+ 26.Kg1 Nxd3 27.Nxd3 Bxd3 28.Bxb7 Kf7 29.Rc7+ Kg6
30.Bd5 Re1+ 31.Kg2 Rd1 32.Kf3 Bf1 33.Be4+ Kh6 34.Rxa7 g6 35.Rc7 f5 36.Bc2 Re1
37.h4 Bh3 38.Kf4 Rf1 39.Ke3 Bg4 40.a4 Re1+ 41.Kd4 Re2 42.f4 Rd2+ 43.Bd3 Bd1
44.Rc3 Kh5 45.a5 Kg4 46.Kc5 Bf3 47.Bb5 Rd8 48.Rxf3 Kxf3 49.a6 Kxg3 50.Bc6 Kxf4
51.a7 h6 52.b4  1-0

[Event "Bratto op"]
[Site "Bratto"]
[Date "1996.??.??"]
[Round "6"]
[White "Badea, Bela"]
[Black "Lanzani, Mario"]
[Result "1-0"]
[WhiteElo "2520"]
[BlackElo "2320"]

1.c4 c5 2.Nf3 Nf6 3.Nc3 d5 4.cxd5 Nxd5 5.e3 e6 6.Bb5+ Bd7 7.Be2 Nc6 8.O-O Be7
9.d4 cxd4 10.Nxd5 exd5 11.Nxd4 O-O 12.Bf3 Nxd4 13.Qxd4 Be6 14.e4 dxe4 15.Qxe4 Qb6
16.a4 a5 17.Qxb7 Qxb7 18.Bxb7 Rab8 19.Ba6 Bf6 20.Bb5 Rfd8 21.Re1 Rbc8 22.h3 Rc2
23.Be3 Bxb2 24.Rad1 Rxd1 25.Rxd1 Rc8 26.Bb6 Bc3 27.Bd7 Bxd7 28.Rxd7 h6 29.Rd5 Rc4
30.Rc5 Rxc5 31.Bxc5 Bb4 32.Bd4 f6 33.Kf1 Kf7 34.Ke2 Ke6 35.Kd3 Kd5 36.g4 Bc5
37.Bc3 Bb6 38.f3 Bc7 39.h4 Bd8 40.h5 Bc7 41.f4 Bb6 42.Ba1 Bc5 43.Bb2 Bd6
44.Bc3 Bc7 45.g5 hxg5 46.fxg5 fxg5 47.Bxg7 Ke6 48.Ke4 g4 49.h6 Kf7 50.Kf5 g3
51.Bd4 g2 52.h7 g1=Q 53.Bxg1 Kg7 54.Ke6 Kxh7 55.Bd4 Kg6 56.Kd7 Bf4 57.Bc3 Kf5
58.Bxa5 Ke4 59.Kc6 Kd3 60.Be1 Kc4 61.a5  1-0

[Event "NLD-chT playoff"]
[Site "Breda"]
[Date "1996.??.??"]
[Round "?"]
[White "Boersma, Paulus A"]
[Black "Bosboom, Manuel"]
[Result "0-1"]
[WhiteElo "2355"]
[BlackElo "2425"]

1.Nf3 c5 2.c4 Nf6 3.Nc3 e6 4.d4 cxd4 5.Nxd4 a6 6.e4 Qc7 7.a3 d6 8.Be3 Nbd7
9.Rc1 Be7 10.Be2 O-O 11.g4 Nc5 12.Qc2 b6 13.g5 Ne8 14.h4 Bb7 15.f3 Qd8 16.Rd1 g6
17.Nb3 Nd7 18.Rf1 Rc8 19.f4 Ng7 20.Rd2 f5 21.e5 dxe5 22.Qd1 Bc6 23.c5 b5
24.Na2 exf4 25.Bxf4 e5 26.Bxe5 Nxe5 27.Rxd8 Rcxd8 28.Qc1 f4 29.Nb4 Ne6 30.Nxc6 Nxc6
31.Bg4 Ned4 32.Nxd4 Rxd4 33.Be6+ Kg7 34.Qc3 h6 35.Bd5 hxg5 36.Bxc6 Bf6 37.Qf3 gxh4
38.Kf2 Rd2+ 39.Kg1 Bd4+ 40.Kh1  0-1

[Event "Spring op"]
[Site "Budapest"]
[Date "1996.??.??"]
[Round "2"]
[White "Gottschlich, Carsten"]
[Black "Sziebert, Adam"]
[Result "0-1"]
[WhiteElo "2160"]
[BlackElo "2325"]

1.c4 c5 2.Nc3 Nf6 3.Nf3 g6 4.g3 Bg7 5.Bg2 O-O 6.d4 cxd4 7.Nxd4 d6 8.O-O Nc6
9.Nxc6 bxc6 10.Bxc6 Rb8 11.Bg2 Qa5 12.Qc2 Bf5 13.e4 Be6 14.Bd2 Bxc4 15.Nd5 Qa6
16.Nxe7+ Kh8 17.e5 dxe5 18.Rfc1 Bd3 19.Qc7 Rxb2 20.Bc3 Rxa2 21.Bxe5 Rxa1
22.Rxa1 Qe6 23.Rxa7 Ne4 24.Bxg7+ Kxg7 25.Qd7 Qb6 26.Bxe4 Qb1+ 27.Kg2  0-1

[Event "EUCup f"]
[Site "Budapest"]
[Date "1996.??.??"]
[Round "3"]
[White "Horvath, Gyula"]
[Black "Anastasian, Ashot"]
[Result "1/2-1/2"]
[WhiteElo "2450"]
[BlackElo "2550"]

1.Nf3 c5 2.c4 Nf6 3.Nc3 g6 4.d4 cxd4 5.Nxd4 Bg7 6.e4 O-O 7.Be2 Nc6 8.Be3 d6
9.O-O Bd7 10.Qd2 a6 11.f3 Rb8 12.Rfd1 b5 13.cxb5 Nxd4 14.Bxd4 Bxb5 15.Nxb5 axb5
16.Qb4 Nd7 17.Be3 Nc5 18.Rac1 Qb6 19.Rc2 h5 20.f4 Qb7 21.Bf3 Qa6 22.b3 Rfc8
23.e5 Ne6 24.Rxc8+ Rxc8 25.exd6 exd6 26.f5 gxf5 27.Bxh5 Be5 28.Qd2 Rc3 29.Bf3 b4
30.Bd5 Qc8 31.Bc4 f4 32.Bf2 Ng5 33.h4 Ne6 34.Qd5 Qd8 35.Be1 Kg7 36.Qb7 Nc7
37.Qxb4 Rc2 38.Qb6 Qf6 39.Qxc7 d5 40.Qb7 Bd4+ 41.Kh1 dxc4 42.Qe4 Bf2 43.Bxf2 Rxf2
44.bxc4 Qxh4+ 45.Kg1 Rxa2 46.Rf1 Qg3 47.Rxf4 Ra1+ 48.Rf1 Rxf1+ 49.Kxf1  1/2-1/2

[Event "Elekes mem"]
[Site "Budapest"]
[Date "1996.??.??"]
[Round "4"]
[White "Petran, Pal"]
[Black "Fogarasi, Tibor"]
[Result "1-0"]
[WhiteElo "2440"]
[BlackElo "2500"]

1.Nf3 c5 2.c4 Nf6 3.Nc3 e6 4.e3 d5 5.d4 Nc6 6.a3 a6 7.cxd5 exd5 8.Be2 Bd6
9.dxc5 Bxc5 10.O-O O-O 11.b4 Bd6 12.Bb2 Bg4 13.h3 Be6 14.Nd4 Nxd4 15.Qxd4 Bc7
16.Rfd1 Qd6 17.g3 Bb6 18.Qh4 Qd7 19.Bf3 Rac8 20.Nxd5 Nxd5 21.Bxd5 Bxd5 22.Qg5 f6
23.Qxd5+ Qxd5 24.Rxd5 Rc2 25.Bd4 Bxd4 26.Rxd4 Rfc8 27.Rd7 b5 28.Ra7 Rd2 29.Rxa6 Rcc2
30.Rf1 Ra2 31.g4 h6 32.Ra5 Rdb2 33.Kg2 Kh7 34.Kg3 Rb3 35.Rxb5 Rbxa3 36.Rc1 Ra4
37.Rc4 Ra7 38.h4 Rb2 39.h5  1-0

[Event "Budapest FS11 GM"]
[Site "Budapest"]
[Date "1996.??.??"]
[Round "8"]
[White "Csom, Istvan"]
[Black "Lukacs, Peter"]
[Result "1/2-1/2"]
[WhiteElo "2460"]
[BlackElo "2475"]

1.c4 c5 2.Nf3 Nf6 3.Nc3 e6 4.g3 d5 5.cxd5 Nxd5 6.Bg2 Nc6 7.O-O Be7 8.Nxd5 exd5
9.d4 O-O 10.dxc5 Bxc5 11.b3 Bf5 12.Bb2 Be4 13.Rc1 Bb6 14.e3 Re8  1/2-1/2

[Event "Budapest FS08 IM"]
[Site "Budapest"]
[Date "1996.??.??"]
[Round "9"]
[White "Lamprecht, Mark"]
[Black "Kasantsev, Anatolij B"]
[Result "1/2-1/2"]
[WhiteElo "2210"]
[BlackElo "2225"]

1.c4 Nf6 2.Nf3 c5 3.Nc3 d5 4.cxd5 Nxd5 5.g3 Nc6 6.Bg2 e5 7.d3 Nc7 8.O-O Be7
9.b3 f6 10.Bb2 Be6 11.Rc1 Qd7 12.a3 Rc8 13.Ne4 b6 14.Qc2 Nd5 15.e3 O-O 16.Nc3 Rfd8
17.Nxd5 Bxd5 18.Bc3 Bf8 19.Rfd1 Qf7 20.Nd2 Bxg2 21.Kxg2 Qd5+ 22.Nf3 g5 23.e4 Qf7
24.Be1 a5 25.Qc4 Rb8 26.Qxf7+ Kxf7 27.Bc3 b5 28.Bb2 Rd7 29.Ne1 g4 30.Kf1 Rc8
31.Nc2 Bh6 32.Rb1 Nd4 33.Nxd4 cxd4 34.Bc1 Bxc1 35.Rdxc1 Rc3 36.Ke2 b4 37.a4 Kg6
38.Kd2 h5 39.Re1 h4 40.Rg1 Rdc7 41.Rb2 Rh7 42.Ke2 f5 43.exf5+ Kxf5 44.Rd1 hxg3
45.hxg3 Rh2 46.Re1 e4 47.dxe4+ Kxe4 48.Rd2 Rxb3 49.Kd1+ Kd5 50.Re8 Rh1+ 51.Ke2 d3+
52.Rxd3+ Rxd3 53.Kxd3 Rd1+ 54.Kc2 Ra1 55.Kb3 Ra3+ 56.Kb2 Rf3 57.Rd8+ Ke6
58.Re8+ Kf5 59.Rf8+ Ke4 60.Re8+ Kd3 61.Re5 Rxf2+ 62.Kb3 Rf3 63.Rxa5 Ke2+
64.Kxb4 Kf2 65.Rg5 Kxg3 66.a5 Rf8 67.a6 Kf4  1/2-1/2

[Event "JUG-chT"]
[Site "Budva"]
[Date "1996.??.??"]
[Round "4"]
[White "Abramovic, Bosko"]
[Black "Marinkovic, Ivan"]
[Result "0-1"]
[WhiteElo "2490"]
[BlackElo "2490"]

1.Nf3 Nf6 2.c4 c5 3.Nc3 b6 4.g3 Bb7 5.Bg2 g6 6.O-O Bg7 7.d4 cxd4 8.Qxd4 d6
9.b3 Nbd7 10.Bb2 O-O 11.Nd5 b5 12.Nh4 bxc4 13.Nxe7+ Qxe7 14.Bxb7 Rab8 15.Bd5 Nb6
16.Bf3 Rfc8 17.Rac1 d5 18.Ng2 Ne8 19.Qd2 Bxb2 20.Qxb2 a5 21.Ne3 Nf6 22.Qd4 Qe6
23.Rfd1 h5 24.h4 Rd8 25.bxc4 dxc4 26.Qxd8+ Rxd8 27.Rxd8+ Kg7 28.Rcd1 Nbd7
29.Nd5 Nxd5 30.Rxd5 Ne5 31.Kg2 a4 32.Rc5 a3 33.Rdd5 Nxf3 34.exf3 Qe2 35.Rd4 Qxa2
36.Rcxc4 Qb1 37.Ra4 a2 38.Rxa2 Qxa2 39.Rf4 Qd5 40.Ra4 Qc6 41.Re4 Qd5 42.Rb4 f6
43.Re4 Kh6 44.Rf4 Qc6 45.Re4 g5 46.Kf1 g4 47.Rf4 gxf3 48.Kg1 Kg6 49.Kh2 f5  0-1

[Event "Cacak"]
[Site "Cacak"]
[Date "1996.??.??"]
[Round "5"]
[White "Paunovic, Dragan"]
[Black "Marinkovic, Ivan"]
[Result "1/2-1/2"]
[WhiteElo "2495"]
[BlackElo "2505"]

1.Nf3 Nf6 2.c4 c5 3.Nc3 b6 4.d4 cxd4 5.Nxd4 Bb7 6.f3 d6 7.e4 e6 8.Be3 Be7
9.Be2 a6 10.O-O O-O 11.Qd2 Nbd7 12.Rfd1 Qc7 13.Rac1 Rac8 14.Kh1 Qb8 15.Bf1 Rfe8
16.Bd3  1/2-1/2

[Event "Calcutta op"]
[Site "Calcutta"]
[Date "1996.??.??"]
[Round "5"]
[White "Volzhin, Alexander"]
[Black "Antonio, Rogelio Jr"]
[Result "0-1"]
[WhiteElo "2485"]
[BlackElo "2530"]

1.Nf3 Nf6 2.c4 c5 3.Nc3 g6 4.d4 cxd4 5.Nxd4 Bg7 6.e4 d6 7.Be2 O-O 8.O-O Nc6
9.Be3 Bd7 10.Qd2 a6 11.f3 Re8 12.Rfd1 Rc8 13.Rac1 Ne5 14.b3 Qa5 15.Bf1 h5
16.h3 Kh7 17.Nd5 Qxd2 18.Rxd2 Nxd5 19.exd5 f5 20.f4 Nf7 21.g3 Bf6 22.Bf2 Rc7
23.Bg2 Nd8 24.b4 g5 25.Be3 gxf4 26.Bxf4 h4 27.c5 hxg3 28.Re1 dxc5 29.Bxc7 Bxd4+
30.Rxd4 cxd4 31.Bxg3 e6 32.Bc7 d3 33.Bxd8 Rxd8 34.dxe6 d2 35.Rd1 Bxe6 36.Kf2 Bxa2
37.Ke3 Bc4 38.Bf3 f4+ 39.Kxf4 Bb3  0-1

[Event "Cannes Martinez op"]
[Site "Cannes"]
[Date "1996.??.??"]
[Round "1"]
[White "Hohler, Peter"]
[Black "Mallet, Lionel"]
[Result "1-0"]
[WhiteElo "2245"]
[BlackElo "2065"]

1.c4 c5 2.Nc3 Nf6 3.Nf3 g6 4.g3 Bg7 5.Bg2 O-O 6.d4 cxd4 7.Nxd4 Nc6 8.O-O Ng4
9.e3 Nge5 10.b3 d6 11.h3 Nxd4 12.exd4 Nc6 13.Be3 e5 14.dxe5 dxe5 15.Qxd8 Rxd8
16.Nd5 h6 17.Rad1 Bf5 18.g4 Be6 19.Nc7 Rac8 20.Nxe6 fxe6 21.Bxc6 bxc6 22.Bxa7 Ra8
23.Rxd8+ Rxd8 24.Be3 Kf7 25.Rb1 e4 26.a4 Bd4 27.Bxd4 Rxd4 28.a5 Kf6 29.a6 Rd7
30.Ra1 Ra7 31.b4 Ke5 32.b5  1-0

[Event "Cannes op"]
[Site "Cannes"]
[Date "1996.??.??"]
[Round "4"]
[White "Bolding, Klaus"]
[Black "Cebalo, Miso"]
[Result "0-1"]
[WhiteElo "2320"]
[BlackElo "2495"]

1.Nf3 c5 2.c4 Nf6 3.Nc3 g6 4.d4 cxd4 5.Nxd4 Bg7 6.e4 d6 7.Be2 O-O 8.O-O Nc6
9.Be3 Bd7 10.Rc1 Nxd4 11.Bxd4 Bc6 12.f3 a5 13.b3 Nd7 14.Be3 Nc5 15.Nd5 e6
16.Nf4 Qe7 17.Re1 Rfd8 18.Bf1 Bb2 19.Rc2 Qf6 20.Nh3 Bc3 21.Bg5 Qd4+ 22.Kh1 f6
23.Rxc3 Qxc3 24.Re3 Qe5 25.f4 Qb2 26.Re2 Qc3 27.Rc2 Qb4 28.Bxf6 Nxe4 29.Bxd8 Rxd8
30.Bd3 Rf8 31.Qa1 a4 32.Re2 Nc5 33.Bc2 axb3 34.axb3 b5 35.Qb1 bxc4 36.Bxg6 Qxb3
37.Bxh7+ Kg7 38.Qa1+ Kxh7 39.Ng5+ Kg8 40.Nxe6 Nxe6 41.Rxe6 Qc2  0-1

[Event "Cappelle op"]
[Site "Cappelle la Grande "]
[Date "1996.??.??"]
[Round "2"]
[White "Nedela, Vlastimil"]
[Black "Ulibin, Mikhail"]
[Result "1/2-1/2"]
[WhiteElo "2445"]
[BlackElo "2535"]

1.c4 c5 2.Nc3 Nf6 3.Nf3 e6 4.g3 b6 5.Bg2 Bb7 6.O-O d6 7.b3 Be7 8.Bb2 O-O
9.Qc2 a6 10.Rfd1 Nbd7 11.d4 cxd4 12.Rxd4 Qc7 13.Rc1 Rac8 14.Qb1 Rfd8 15.Ng5 h6
16.Nge4 Nc5 17.Rcd1 Nfxe4 18.Nxe4 Bxe4 19.Bxe4 Bf6 20.R4d2 Bxb2 21.Rxb2 b5
22.cxb5 axb5 23.Rbd2 d5 24.Bf3 Qb6 25.Kg2 b4 26.Rd4 Nd7 27.e4 Ne5 28.exd5 Nxf3
29.Kxf3 Rxd5 30.Rxd5 exd5 31.Kg2 d4 32.Qe4 Rd8 33.Rd3  1/2-1/2

[Event "Cappelle op"]
[Site "Cappelle la Grande "]
[Date "1996.??.??"]
[Round "3"]
[White "Makarov, Marat"]
[Black "Gipslis, Aivars"]
[Result "1/2-1/2"]
[WhiteElo "2545"]
[BlackElo "2465"]

1.Nf3 Nf6 2.c4 c5 3.Nc3 e6 4.g3 b6 5.Bg2 Bb7 6.O-O Be7 7.Re1 a6 8.e4 d6 9.d4 cxd4
10.Nxd4 Qc7 11.b3 O-O 12.Bb2 Re8 13.Rc1 Bf8 14.Rc2 Nbd7 15.f4 g6 16.Bf3 Rad8
17.Rd2 Bg7 18.Kg2  1/2-1/2

[Event "Catalunya-chT"]
[Site "Catalunya"]
[Date "1996.??.??"]
[Round "?"]
[White "Fernandez, Juan Luis"]
[Black "Pares Vives, Jose"]
[Result "1-0"]
[WhiteElo "2330"]
[BlackElo "2350"]

1.Nf3 Nf6 2.c4 g6 3.Nc3 c5 4.d4 Bg7 5.e4 cxd4 6.Nxd4 Nc6 7.Nc2 O-O 8.Be2 d6
9.O-O Nd7 10.Bd2 Nc5 11.b4 Ne6 12.Rc1 a5 13.a3 axb4 14.axb4 Ncd4 15.Nxd4 Nxd4
16.Be3 Nxe2+ 17.Qxe2 Be6 18.Rfd1 Ra3 19.Nd5 Bxd5 20.exd5 Qd7 21.c5 Rc8 22.h3 Bc3
23.Qc4 Qa4 24.Qg4 Rc7 25.Bh6 dxc5 26.d6 exd6 27.Rxd6 Qe8 28.Qh4 Rc8 29.Rxc3 Qe1+
30.Kh2 Qe5+ 31.f4 Qxd6 32.Rxa3 cxb4 33.Re3 f6 34.Qg4 Rd8 35.Re1  1-0

[Event "Obro Nytaar op"]
[Site "Copenhagen"]
[Date "1996.??.??"]
[Round "5"]
[White "Bang, Andreas"]
[Black "Stojanovski, Sandi"]
[Result "1/2-1/2"]
[WhiteElo "2280"]
[BlackElo "2200"]

1.Nf3 Nf6 2.c4 e6 3.Nc3 c5 4.g3 b6 5.Bg2 Bb7 6.O-O Be7 7.d4 cxd4 8.Qxd4 d6
9.Rd1 a6 10.b3 Nbd7 11.e4 Qc7 12.Ba3 Nc5 13.e5 dxe5 14.Qxe5 Rc8 15.Qxc7 Rxc7
16.Ne5 Bxg2 17.Kxg2 Ncd7 18.Nxd7 Bxa3 19.Nxf6+ gxf6 20.Rd3 f5 21.Rad1 Ke7
22.Ne2 b5 23.cxb5 axb5 24.Nd4 Rb8 25.R1d2 Kf6 26.f4 Rc5 27.Nf3 Bb4 28.Re2 Bc3
29.Rc2 Rbc8 30.Rd7 h6 31.a4 bxa4 32.bxa4 R8c7 33.Rxc7 Rxc7 34.Nd4 Rd7 35.Nxf5 Kxf5
36.Rxc3 Rd2+ 37.Kh3 Ra2 38.Rc5+ Kg6 39.a5 h5 40.Rb5 Kh6 41.f5 exf5 42.Rxf5 Kg6
43.Rb5 f6 44.Rc5 Kh6 45.Rc6 Rxa5 46.Rxf6+ Kg5 47.Rf2 h4  1/2-1/2